Aucells marins de les Balears (Registre núm. 53991)

MARC details
000 -LEADER
campo de control de longitud fija 00936akm a2200349a 44500
008 - DATOS DE LONGITUD FIJA--INFORMACIÓN GENERAL
campo de control de longitud fija 960109s1992 cat
017 ## - NÚMERO DE COPYRIGHT O DE DEPÓSITO LEGAL
Número de copyright o de depósito legal PM-1123-1992
041 ## - CÓDIGO DE IDIOMA
Código de lengua del texto/banda sonora o título independiente cat
080 ## - NÚMERO DE LA CLASIFICACIÓN DECIMAL UNIVERSAL
Número de la Clasificación Decimal Universal 598.2(460.32)(038)
110 ## - ENTRADA PRINCIPAL--NOMBRE DE ENTIDAD CORPORATIVA
Nombre de entidad corporativa o nombre de jurisdicción como elemento de entrada Balears. Govern. Servei de Conservació de la Naturalesa
9 (RLIN) 61498
245 ## - MENCIÓN DEL TÍTULO
Título Aucells marins de les Balears
245 ## - MENCIÓN DEL TÍTULO
Mención de responsabilidad, etc. Balears. Govern. Servei de Conservació de la Naturalesa.
245 ## - MENCIÓN DEL TÍTULO
Medio [cartell]
260 ## - PUBLICACIÓN, DISTRIBUCIÓN, ETC.
Lugar de publicación, distribución, etc. [Palma de Mallorca]
260 ## - PUBLICACIÓN, DISTRIBUCIÓN, ETC.
Nombre del editor, distribuidor, etc. Govern Balear
260 ## - PUBLICACIÓN, DISTRIBUCIÓN, ETC.
Fecha de publicación, distribución, etc. 1992
300 ## - DESCRIPCIÓN FÍSICA
Otras características físicas il.
490 ## - MENCIÓN DE SERIE
Mención de serie Fauna Protegida;
Designación de volumen o secuencia 5
520 ## - RESUMEN, ETC.
Nombre de termes 9
522 ## - NOTA DE ÁMBITO GEOGRÁFICO
Nota de ámbito geográfico Illes Balears
591 ## - Codi de font
Codi de font 3834
592 ## - Tipus obra
Tipus d'obra Obra terminològica
593 ## - Codi CGAT
Codi de la CGAT DGB
594 ## - Número de document
Número de document 3834
650 ## - PUNTO DE ACCESO ADICIONAL DE MATERIA--TÉRMINO DE MATERIA
Término de materia o nombre geográfico como elemento de entrada ocells
9 (RLIN) 61565
830 ## - PUNTO DE ACCESO ADICIONAL DE SERIE-TÍTULO UNIFORME
Título uniforme Fauna Protegida;
Designación de volumen o secuencia 5
9 (RLIN) 64803
901 ## - ELEMENTOS DE DATOS A LOCAL LDA (RLIN)
c DL <1992>
902 ## - ELEMENTOS DE DATOS B LOCAL, LDB (RLIN)
a 960109
942 ## - ELEMENTOS DE ENTRADA SECUNDARIOS (KOHA)
Tipo de ítem Koha Monografia
Suprimir en OPAC No
Fons
Estatus retirado Estado de pérdida Estado de daño No para préstamo Biblioteca de origen Biblioteca actual Fecha de adquisición Total de préstamos Signatura topográfica completa Código de barras Visto por última vez Precio de reemplazo Tipo de ítem Koha
        TERMCAT TERMCAT 09/01/1996   DGB | Cartells 03042 30/09/2021 30/09/2021 MO